01018nam a2200217Ia 4500003000900000008004100009040001600050080001900066111012300085245019500208260003500403300001000438490008200448650004100530650003000571650002600601700003100627942000700658999001500665952012000680IN-BaIIA211028s9999 xx 000 0 eng d cIIA Library a063:53bENF-23 aInternational School of Physics 'Enrico Fermi" CoursecVarenna Sul Lago di Como, Villa Monasterod1961 Aug. 7-2694660 0aNuclear physicsbproceedings of the international school of Physics "Enrico Fermi" course held in Varenna Sul Lago di Como, Villa Monastero, August 7-August 26 1961cedited by Weisskopf V.F. aNew YorkbAcademic Pressc1963 a186p. aProceedings of the International School of Physics Enrico Fermi Course; v. 23 aAstronomy and Astrophysics thesaurus aHigh energy physics92205 aNuclear physics91527 aWeisskopf, V.F., ed.93833 cBK c2624d2624 00104070aBANbBANcGENd1966-03-30g33.75l0o063:53/ ENF-23p2929r2021-11-05v33.75w1966-03-30yBKGRs. 33.75